| 000 | 00574nam a2200205Ia 4500 | ||
|---|---|---|---|
| 005 | 20250923145353.0 | ||
| 008 | 008 250917s9999 xx 000 0 eng d | ||
| 037 | _aTextual | ||
| 040 |
_aDSWL _beng _cDSWL |
||
| 041 |
_aeng _2eng |
||
| 084 |
_aY31:7:7, N52 _qDSWL |
||
| 100 |
_aBhattacharyya, S.N. _9834594 |
||
| 245 | 0 |
_aThey showed the way _c by S.N. Bhattacharyya |
|
| 260 |
_aCalcutta _bThacker Spinb & Co. _c1952 |
||
| 300 | _a66 p. | ||
| 365 |
_aINR _b3 . 0 |
||
| 925 | _g3 . 0 | ||
| 942 |
_cTEXL _hY31:7:7, N52 |
||
| 999 |
_c1450563 _d1450563 |
||